|
|
|
|
| LEADER |
01125nam a2200217 a 4500 |
| 008 |
100621s1984 bg a b 001 0 eng d |
| 040 |
|
|
|a BGU
|c BGU
|d BD-DhAAL
|
| 082 |
0 |
4 |
|a 599.32
|2 19
|
| 245 |
1 |
0 |
|a Rodent pests :
|b their biology and control in Bangladesh.
|
| 260 |
|
|
|a Dhaka :
|b Bangladesh-German Plant Protection Programme :
|b Plant Protection Division, Dept. of Agricultural Extension :
|b Graduate Training Institute, Bangladesh Agricultural University,
|c 1984.
|
| 300 |
|
|
|a iv, 110, iv p. :
|b ill. ;
|c 22 cm.
|
| 500 |
|
|
|a Cover title
|
| 504 |
|
|
|a Includes bibliographical references (p. 107-110) and index.
|
| 541 |
1 |
|
|e 00000774
|
| 650 |
|
0 |
|a Rodents
|
| 710 |
2 |
|
|a Bangladesh-German Plant Protection Programme
|
| 710 |
1 |
|
|a Bangladesh.
|b Dept. of Agriculture Extension.
|b Plant Protection Division
|
| 710 |
2 |
|
|a Bangladesh Agricultural University.
|b GraduateTraining Institute
|
| 852 |
4 |
|
|a Ayesha Abed Library
|j General Shelf
|
| 999 |
|
|
|c 9030
|d 9030
|
| 952 |
|
|
|0 0
|1 0
|2 ddc
|4 0
|6 599_320000000000000_ROD_1984
|7 0
|9 11152
|a BRACUL
|b BRACUL
|c GEN
|d 2010-06-21
|g 0.00
|l 0
|o 599.32 ROD
|p 3010000774
|r 2010-06-21
|t 1
|w 2010-06-21
|y BK
|z Not price in Register
|